[Event "BPB Limburg open B"]
[Site "Maastricht"]
[Date "2014.06.08"]
[Round "5"]
[White "Dirksen, Marieke"]
[Black "Reichardt, Gert"]
[Result "1-0"]
[WhiteElo "2005"]
[BlackElo "1872"]
[PlyCount "27"]
[EventDate "2014.06.06"]
[EventType "swiss"]
[EventRounds "7"]
[EventCountry "NED"]
[Source "P.Boonen"]
[SourceDate "2014.10.10"]

1. e4 d6 2. d4 Nf6 3. Nc3 Nbd7 4. Nf3 e5 5. Bc4 h6 6. a4 Be7 7. O-O O-O 8. h3
c6 9. dxe5 dxe5 10. Qe2 Qc7 11. Nh4 Nb6 12. Ba2 Re8 13. a5 Nbd7 14. Bxf7+ 1-0

[Event "BPB Limburg open B"]
[Site "Maastricht"]
[Date "2014.06.08"]
[Round "5"]
[White "Drose, Daniela"]
[Black "Kuryliw, Ray"]
[Result "0-1"]
[WhiteElo "1952"]
[BlackElo "1884"]
[PlyCount "128"]
[EventDate "2014.06.06"]
[EventType "swiss"]
[EventRounds "7"]
[EventCountry "NED"]
[Source "P.Boonen"]
[SourceDate "2014.10.10"]

1. d4 d5 2. c4 c6 3. Nc3 Nf6 4. g3 dxc4 5. Bg2 e6 6. Nf3 Nbd7 7. O-O Be7 8. e4
O-O 9. Qc2 Re8 10. h3 a6 11. Be3 b5 12. Ne5 Nxe5 13. dxe5 Nd7 14. f4 Nc5 15.
Rad1 Qc7 16. f5 Bf8 17. g4 Bb7 18. Bf4 Rad8 19. Rxd8 Qxd8 20. Ne2 Qd3 21. Qd1
Qxd1 22. Rxd1 Nd3 23. fxe6 fxe6 24. b3 Nxf4 25. Nxf4 cxb3 26. axb3 Bc5+ 27. Kh2
Kf7 28. h4 Bf8 29. g5 c5 30. Rd7+ Re7 31. Rd6 c4 32. bxc4 bxc4 33. Bf1 Rc7 34.
Rd4 c3 35. Bd3 g6 36. Bc2 Bc5 37. Rd8 Be3 38. Ne2 a5 39. Rh8 Kg7 40. Rd8 Ba6
41. Nd4 Bxd4 42. Rxd4 Kf7 43. Kg3 Ke7 44. Kf4 Bb5 45. Ke3 a4 46. Rb4 Bd7 47.
Kd4 a3 48. Rb1 Ba4 49. Kd3 Rd7+ 50. Kxc3 Rc7+ 51. Kb4 Bxc2 52. Rc1 a2 53. Ka3
a1=R+ 54. Rxa1 Ra7+ 55. Kb2 Rxa1 56. Kxa1 Bxe4 57. Kb2 Kd7 58. Kc3 Kc6 59. Kd4
Bd5 60. Ke3 Kc5 61. Kd3 Ba2 62. Ke4 Bb1+ 63. Ke3 Kd5 64. Kf4 Bc2 0-1

[Event "BPB Limburg open B"]
[Site "Maastricht"]
[Date "2014.06.08"]
[Round "5"]
[White "Eben, Jonathan"]
[Black "Zimmermann, Michael"]
[Result "1-0"]
[WhiteElo "1806"]
[BlackElo "1902"]
[PlyCount "135"]
[EventDate "2014.06.06"]
[EventType "swiss"]
[EventRounds "7"]
[EventCountry "NED"]
[Source "P.Boonen"]
[SourceDate "2014.10.10"]

1. e4 c5 2. Nf3 d6 3. Bb5+ Nc6 4. O-O Bd7 5. d4 cxd4 6. Nxd4 Nf6 7. Nc3 a6 8.
Nxc6 Bxc6 9. Bxc6+ bxc6 10. Bg5 e5 11. Qf3 Be7 12. Rfd1 Qc7 13. Rd2 O-O 14.
Rad1 Rfd8 15. Ne2 Nxe4 16. Qxe4 Bxg5 17. Rd3 g6 18. Rc3 Rac8 19. Qg4 Bf6 20.
Rh3 Qd7 21. Qf3 Qe6 22. b3 d5 23. Ng3 Bg7 24. Qe2 c5 25. Rh4 f5 26. Ra4 Rd6 27.
Qd2 h6 28. Ne2 Kh7 29. Nc3 d4 30. Rc4 Rdc6 31. Na4 e4 32. Re1 Qd6 33. g3 h5 34.
Rd1 Bh6 35. Qe2 Re8 36. f4 Bg7 37. Nb2 Rd8 38. Na4 d3 39. cxd3 exd3 40. Qg2
Bd4+ 41. Kf1 Be3 42. Qf3 Re8 43. Rc3 Re4 44. Rcxd3 Bd4 45. Nc3 Qe6 46. Ne2 Rd6
47. h4 Rd7 48. Nxd4 cxd4 49. Qf2 Qd5 50. a4 a5 51. Qd2 Kh6 52. Qg2 Kg7 53. Qd2
Kf7 54. Qf2 Ke6 55. Qd2 Kd6 56. Rxd4 Rxd4 57. Qxd4 Qxd4 58. Rxd4+ Kc6 59. Rxd7
Kxd7 60. Ke2 Kc6 61. Kd3 Kd5 62. Kc3 Kc5 63. b4+ axb4+ 64. Kb3 Kb6 65. Kxb4 Ka6
66. Kc5 Ka5 67. Kd6 Kxa4 68. Ke6 1-0

[Event "BPB Limburg open B"]
[Site "Maastricht"]
[Date "2014.06.08"]
[Round "5"]
[White "Fadavian, Marius"]
[Black "Holscher, Peter"]
[Result "1/2-1/2"]
[WhiteElo "2040"]
[BlackElo "2049"]
[PlyCount "65"]
[EventDate "2014.06.06"]
[EventType "swiss"]
[EventRounds "7"]
[EventCountry "NED"]
[Source "P.Boonen"]
[SourceDate "2014.10.10"]

1. e4 e6 2. d4 d5 3. Nd2 a6 4. Ngf3 c5 5. Be2 Nc6 6. dxc5 Bxc5 7. Nb3 Ba7 8.
exd5 Qxd5 9. Qxd5 exd5 10. c3 Nf6 11. O-O O-O 12. Bg5 Ne4 13. Bh4 Re8 14. Rfe1
h6 15. Rad1 g5 16. Bg3 Nxg3 17. hxg3 Be6 18. Nfd4 Bxd4 19. Nxd4 Nxd4 20. Rxd4
Red8 21. Red1 Rd7 22. c4 Rad8 23. c5 Kf8 24. R1d3 Rc7 25. b4 a5 26. a3 axb4 27.
axb4 b6 28. cxb6 Rb7 29. f4 Rxb6 30. f5 Bxf5 31. Rxd5 Rxd5 32. Rxd5 Be6 33. Rd4
1/2-1/2

[Event "BPB Limburg open B"]
[Site "Maastricht"]
[Date "2014.06.08"]
[Round "5"]
[White "Feltman, Bart"]
[Black "Janse, Alexander"]
[Result "1/2-1/2"]
[WhiteElo "1728"]
[BlackElo "1584"]
[PlyCount "56"]
[EventDate "2014.06.06"]
[EventType "swiss"]
[EventRounds "7"]
[EventCountry "NED"]
[Source "P.Boonen"]
[SourceDate "2014.10.10"]

1. e4 c5 2. Nf3 d6 3. d4 cxd4 4. Nxd4 Nf6 5. Nc3 a6 6. Bd3 e5 7. Nf3 Be7 8. O-O
O-O 9. Ne2 Nbd7 10. Ng3 Nc5 11. Be3 Nxd3 12. Qxd3 Qc7 13. c4 Ng4 14. Bd2 Rd8
15. h3 Nf6 16. Rac1 Be6 17. b3 Nd7 18. Ng5 Nc5 19. Nxe6 fxe6 20. Qc2 a5 21. Be3
Rf8 22. Ne2 Qc6 23. Nc3 b6 24. f3 Rad8 25. Qd2 h6 26. Rfd1 Rd7 27. Qf2 Rf6 28.
Rc2 Qc8 1/2-1/2

[Event "BPB Limburg open B"]
[Site "Maastricht"]
[Date "2014.06.08"]
[Round "5"]
[White "Flohr, Ron E"]
[Black "Moes, Waldemar"]
[Result "1/2-1/2"]
[WhiteElo "1932"]
[BlackElo "2038"]
[PlyCount "112"]
[EventDate "2014.06.06"]
[EventType "swiss"]
[EventRounds "7"]
[EventCountry "NED"]
[Source "P.Boonen"]
[SourceDate "2014.10.10"]

1. d4 d5 2. Bg5 Nd7 3. e3 Ngf6 4. Nf3 e6 5. Nbd2 c5 6. c3 Bd6 7. Bd3 O-O 8. Bb1
e5 9. dxe5 Nxe5 10. Nxe5 Bxe5 11. Nf3 Qd6 12. Nxe5 Qxe5 13. Bxf6 Qxf6 14. Qxd5
Be6 15. Qxc5 Rfd8 16. Qh5 g6 17. Qf3 Qg5 18. O-O Rd2 19. b3 f5 20. e4 f4 21.
Bd3 Rf8 22. Bc4 Bxc4 23. bxc4 Rfd8 24. Rad1 Qe5 25. Rxd2 Rxd2 26. Rd1 Qxe4 27.
Qg4 f3 28. Qc8+ Kg7 29. Qc7+ Kh6 30. Rf1 Rxf2 31. gxf3 Rxf1+ 32. Kxf1 Qxf3+ 33.
Kg1 Qg4+ 34. Kf2 Qh4+ 35. Ke3 Qe1+ 36. Kd4 Qd2+ 37. Ke4 Qg2+ 38. Kd3 Qf3+ 39.
Kc2 Qe2+ 40. Kb3 Qd1+ 41. Kb2 Qf3 42. Qe5 g5 43. a4 Kh5 44. Qe8+ Kh4 45. Qe1+
Kh3 46. Qe6+ Qg4 47. Qh6+ Qh4 48. Qe6+ Kxh2 49. Qe2+ Kg1 50. Qd1+ Kh2 51. Qe2+
Kh3 52. Qf3+ Qg3 53. Qxb7 Qf2+ 54. Kb3 h5 55. Qh1+ Kg4 56. Qd1+ Kh4 1/2-1/2

[Event "BPB Limburg open B"]
[Site "Maastricht"]
[Date "2014.06.08"]
[Round "5"]
[White "Fortenbacher, Florian"]
[Black "Glasbeek, Steven"]
[Result "0-1"]
[WhiteElo "1584"]
[BlackElo "1847"]
[PlyCount "78"]
[EventDate "2014.06.06"]
[EventType "swiss"]
[EventRounds "7"]
[EventCountry "NED"]
[Source "P.Boonen"]
[SourceDate "2014.10.10"]

1. e4 c5 2. Nf3 d6 3. d4 cxd4 4. Nxd4 Nf6 5. Nc3 a6 6. Bg5 e6 7. f4 Be7 8. Qf3
Qc7 9. Bd3 Nbd7 10. Qg3 b5 11. Nf3 b4 12. Nd1 Bb7 13. O-O Bxe4 14. Bxf6 Nxf6
15. Bxe4 Nxe4 16. Qe1 d5 17. Qe2 O-O 18. Ne3 Qxf4 19. Nd2 Qe5 20. Nxe4 Qxe4 21.
Rae1 Bc5 22. Kh1 Qxe3 23. Qxe3 Bxe3 24. Rxe3 Rfc8 25. Re2 Rc4 26. Kg1 Rac8 27.
Rff2 R8c6 28. Rd2 Kf8 29. Rfe2 R6c5 30. Kf2 Ke7 31. Ke3 Kd6 32. Rf2 f6 33. g3
e5 34. Rfe2 f5 35. Kf3 g5 36. Kf2 e4 37. Ke3 Ke5 38. Kf2 f4 39. gxf4+ gxf4 0-1

[Event "BPB Limburg open B"]
[Site "Maastricht"]
[Date "2014.06.08"]
[Round "5"]
[White "Freer, Robert"]
[Black "Koelmans, Jan Willem"]
[Result "1/2-1/2"]
[WhiteElo "1863"]
[BlackElo "1948"]
[PlyCount "93"]
[EventDate "2014.06.06"]
[EventType "swiss"]
[EventRounds "7"]
[EventCountry "NED"]
[Source "P.Boonen"]
[SourceDate "2014.10.10"]

1. e4 c5 2. Nf3 e6 3. c3 d5 4. exd5 exd5 5. d4 Nf6 6. Bd3 Be7 7. dxc5 O-O 8.
Be3 Qc7 9. Bd4 Bg4 10. h3 Bh5 11. O-O Ne4 12. b4 a5 13. g4 Bg6 14. Ne5 Nc6 15.
Nxg6 hxg6 16. b5 Nxd4 17. cxd4 Qf4 18. Bxe4 dxe4 19. Qd2 Qf6 20. Nc3 Rfd8 21.
Nxe4 Qxd4 22. Qc2 f5 23. gxf5 gxf5 24. Ng3 Qxc5 25. Qxf5 Qxf5 26. Nxf5 Bc5 27.
Rad1 Rf8 28. Rd5 b6 29. Kg2 Rf6 30. Ng3 Re8 31. h4 Rf4 32. h5 Rb4 33. Rg5 Kf7
34. Rf5+ Kg8 35. f3 Rxb5 36. Ne4 Rb2+ 37. Kh3 Rf8 38. Rd5 Be3 39. Rd3 Bf4 40.
Rb3 Rh2+ 41. Kg4 Bc7 42. f4 Rxa2 43. Nc3 Rh2 44. Nd5 Bd8 45. Nxb6 Rh4+ 46. Kg3
Rxh5 47. Nd7 1/2-1/2

[Event "BPB Limburg open B"]
[Site "Maastricht"]
[Date "2014.06.08"]
[Round "5"]
[White "Frijling, Jeroen"]
[Black "Kocur, Marc"]
[Result "1/2-1/2"]
[WhiteElo "1835"]
[BlackElo "1906"]
[PlyCount "131"]
[EventDate "2014.06.06"]
[EventType "swiss"]
[EventRounds "7"]
[EventCountry "NED"]
[Source "P.Boonen"]
[SourceDate "2014.10.10"]

1. d4 e6 2. c4 Bb4+ 3. Bd2 Bxd2+ 4. Nxd2 Nf6 5. e4 d6 6. Ngf3 Nc6 7. Be2 e5 8.
d5 Ne7 9. O-O a5 10. Ne1 Ng6 11. Nd3 Nd7 12. f4 exf4 13. Nxf4 Nge5 14. Nf3 O-O
15. b3 Qe7 16. Nd3 Ng4 17. Qd2 Qxe4 18. Ng5 Qe3+ 19. Qxe3 Nxe3 20. Rf3 Nc2 21.
Raf1 Nd4 22. R3f2 Nf6 23. Bd1 h6 24. Nf3 Nxf3+ 25. Bxf3 Bg4 26. Bxg4 Nxg4 27.
Re2 Rae8 28. Rfe1 Rxe2 29. Rxe2 Nf6 30. Kf2 Re8 31. Rxe8+ Nxe8 32. Ke3 Kh7 33.
a3 Kg6 34. b4 axb4 35. axb4 Nf6 36. h3 Nd7 37. c5 h5 38. cxd6 cxd6 39. Nf2 f5
40. g4 hxg4 41. hxg4 fxg4 42. Ne4 Nf6 43. Nxd6 Nxd5+ 44. Kf2 b6 45. b5 Kh5 46.
Kg3 g6 47. Nc4 Kg5 48. Nd6 Nc3 49. Nc4 Nxb5 50. Nxb6 Nd6 51. Nd5 Nf5+ 52. Kg2
Kh4 53. Nf4 g5 54. Ng6+ Kh5 55. Ne5 g3 56. Kh3 Kh6 57. Ng4+ Kg6 58. Ne5+ Kh5
59. Kg2 Kh4 60. Ng6+ Kg4 61. Ne5+ Kf4 62. Ng6+ Ke4 63. Nf8 Ke3 64. Ng6 Nh4+ 65.
Kxg3 Nxg6 66. Kg4 1/2-1/2

[Event "BPB Limburg open B"]
[Site "Maastricht"]
[Date "2014.06.08"]
[Round "5"]
[White "Geboers, Jimmy"]
[Black "Eveleens, Ed"]
[Result "1-0"]
[WhiteElo "1907"]
[BlackElo "1779"]
[PlyCount "117"]
[EventDate "2014.06.06"]
[EventType "swiss"]
[EventRounds "7"]
[EventCountry "NED"]
[Source "P.Boonen"]
[SourceDate "2014.10.10"]

1. d4 f5 2. c4 Nf6 3. g3 c6 4. Nc3 d5 5. Bg2 Ne4 6. cxd5 cxd5 7. Nf3 e6 8. Bf4
Qb6 9. Qc2 Nc6 10. O-O Bd7 11. Be3 Bd6 12. Na4 Qd8 13. Nc5 Nxc5 14. dxc5 Be7
15. Nd4 Nxd4 16. Bxd4 O-O 17. b4 Rc8 18. Qb2 Bf6 19. Rfc1 a6 20. f3 Qe7 21. Be5
Bxe5 22. Qxe5 Qf6 23. Qxf6 Rxf6 24. e4 Bc6 25. exd5 Bxd5 26. f4 Rf7 27. Re1
Bxg2 28. Kxg2 Re7 29. Rad1 Kf7 30. Re5 b6 31. Rd6 bxc5 32. bxc5 Ra8 33. Rb6 a5
34. a4 h6 35. Kf3 Rd8 36. Ra6 Rd3+ 37. Re3 Rd5 38. Rxa5 Rc7 39. Rc3 Ke7 40. Rb5
Ra7 41. Ra3 Rc7 42. a5 Rdxc5 43. Rxc5 Rxc5 44. a6 Rc8 45. a7 Ra8 46. Ke3 Kd6
47. Kd4 g5 48. Ra6+ Kd7 49. Ke5 gxf4 50. gxf4 h5 51. h4 Kc8 52. Kxe6 Kb7 53.
Ra2 Re8+ 54. Kxf5 Ka8 55. Kg5 Rg8+ 56. Kxh5 Rf8 57. Ra4 Rg8 58. f5 Rf8 59. Kg4
1-0

[Event "BPB Limburg open B"]
[Site "Maastricht"]
[Date "2014.06.08"]
[Round "5"]
[White "Goes, Dirk"]
[Black "Snoeck, Rene"]
[Result "0-1"]
[WhiteElo "1946"]
[BlackElo "1929"]
[PlyCount "50"]
[EventDate "2014.06.06"]
[EventType "swiss"]
[EventRounds "7"]
[EventCountry "NED"]
[Source "P.Boonen"]
[SourceDate "2014.10.10"]

1. d4 d5 2. Nc3 Nf6 3. Bg5 e6 4. Nf3 Be7 5. Bxf6 Bxf6 6. e4 Be7 7. Bd3 c6 8.
O-O Nd7 9. Qe2 b6 10. Rae1 Bb7 11. exd5 cxd5 12. Ne5 Nxe5 13. Qxe5 O-O 14. f4
Bf6 15. Qe3 g6 16. g4 Re8 17. g5 Bg7 18. Nd1 f5 19. gxf6 Qxf6 20. c3 Re7 21.
Rf3 Rf8 22. Ref1 Bh6 23. Qf2 Ref7 24. Ne3 Bxf4 25. Ng2 Bxh2+ 0-1

[Event "BPB Limburg open B"]
[Site "Maastricht"]
[Date "2014.06.08"]
[Round "5"]
[White "Gorts, Sven"]
[Black "Tamminga, Meile"]
[Result "1-0"]
[WhiteElo "1916"]
[BlackElo "1800"]
[PlyCount "79"]
[EventDate "2014.06.06"]
[EventType "swiss"]
[EventRounds "7"]
[EventCountry "NED"]
[Source "P.Boonen"]
[SourceDate "2014.10.10"]

1. e4 e5 2. f4 exf4 3. Bc4 Qh4+ 4. Kf1 d5 5. Bxd5 Bg4 6. Nf3 Nc6 7. Nc3 Bxf3 8.
Bxc6+ bxc6 9. Qxf3 O-O-O 10. d3 g5 11. g3 Qh3+ 12. Qg2 Qxg2+ 13. Kxg2 Bd6 14.
gxf4 gxf4 15. Kf3 f5 16. Bxf4 fxe4+ 17. dxe4 Rf8 18. Ne2 Bxf4 19. Nxf4 Nh6 20.
Raf1 Nf7 21. Nd3 Ng5+ 22. Ke3 Re8 23. Nc5 Ne6 24. Nxe6 Rxe6 25. Rhg1 Rhe8 26.
Rf4 Kb7 27. Rg7 h6 28. c4 c5 29. b3 Kb6 30. Rgf7 c6 31. Rd7 a6 32. a3 Rg8 33.
b4 Rg1 34. Rff7 cxb4 35. axb4 c5 36. Rb7+ Kc6 37. b5+ axb5 38. cxb5+ Kd6 39.
Rb6+ Ke5 40. Rf5# 1-0

[Event "BPB Limburg open B"]
[Site "Maastricht"]
[Date "2014.06.08"]
[Round "5"]
[White "Hoelting, Siegfried"]
[Black "Mestrom, Wolf"]
[Result "1/2-1/2"]
[WhiteElo "1938"]
[BlackElo "1753"]
[PlyCount "106"]
[EventDate "2014.06.06"]
[EventType "swiss"]
[EventRounds "7"]
[EventCountry "NED"]
[Source "P.Boonen"]
[SourceDate "2014.10.10"]

1. e4 c5 2. c3 d5 3. exd5 Qxd5 4. Nf3 Bg4 5. Be2 Nc6 6. O-O Nf6 7. h3 Bh5 8. d4
cxd4 9. cxd4 e6 10. Nc3 Qd7 11. Be3 Be7 12. Rc1 O-O 13. a3 Rfd8 14. b4 a5 15.
b5 Bxf3 16. Bxf3 Nxd4 17. Bxd4 Qxd4 18. Qxd4 Rxd4 19. Bxb7 Rb8 20. Bc6 Bxa3 21.
Rb1 Bb4 22. Ne2 Rd2 23. Ng3 Nd5 24. Rfc1 Nc3 25. Rb3 Rd3 26. Kf1 g6 27. Ne4 Na2
28. Rcb1 Rd4 29. Nf6+ Kg7 30. Nd7 Rxd7 31. Bxd7 Nc3 32. Rc1 Nxb5 33. Bxb5 Rxb5
34. Rc4 Kf6 35. Rf3+ Rf5 36. Ke2 Rxf3 37. Kxf3 g5 38. g4 Kg6 39. Ke4 h5 40. f3
hxg4 41. hxg4 Kf6 42. Kd3 Ke5 43. Rc7 f6 44. Rb7 Kf4 45. Ke2 f5 46. Rc7 Ke5 47.
Rc4 Bd6 48. Kd3 fxg4 49. Rxg4 Kf5 50. Kc3 Bf4 51. Rg2 e5 52. Kd3 a4 53. Ra2 g4
1/2-1/2

[Event "BPB Limburg open B"]
[Site "Maastricht"]
[Date "2014.06.08"]
[Round "5"]
[White "Holwijn, Melvin"]
[Black "Beukema, Jasper"]
[Result "1-0"]
[WhiteElo "1983"]
[BlackElo "1862"]
[PlyCount "51"]
[EventDate "2014.06.06"]
[EventType "swiss"]
[EventRounds "7"]
[EventCountry "NED"]
[Source "P.Boonen"]
[SourceDate "2014.10.10"]

1. d4 d5 2. Nf3 Nf6 3. c4 e6 4. Nc3 Nbd7 5. cxd5 exd5 6. Bg5 c6 7. e3 Be7 8.
Bd3 O-O 9. O-O h6 10. Bh4 Ne4 11. Bxe4 Bxh4 12. Bc2 Be7 13. Qd3 f5 14. Ne2 Bd6
15. Ng3 g6 16. Rad1 Qc7 17. Nh4 Kh7 18. Nxg6 Kxg6 19. Nxf5 Kf7 20. Nxh6+ Ke8
21. Qg6+ Kd8 22. Nf7+ Ke7 23. Ng5 Nf6 24. f4 Bg4 25. h3 Bxd1 26. Qg7+ 1-0

[Event "BPB Limburg open B"]
[Site "Maastricht"]
[Date "2014.06.08"]
[Round "5"]
[White "Jansen, Ingeborg"]
[Black "Van Doorn, Hans"]
[Result "0-1"]
[WhiteElo "1842"]
[BlackElo "1928"]
[PlyCount "71"]
[EventDate "2014.06.06"]
[EventType "swiss"]
[EventRounds "7"]
[EventCountry "NED"]
[Source "P.Boonen"]
[SourceDate "2014.10.10"]

1. e4 d5 2. exd5 Qxd5 3. Nc3 Qd6 4. d4 Nf6 5. g3 Bg4 6. f3 Bf5 7. Bf4 Qd8 8. g4
Be6 9. Qd2 c6 10. Bg3 Nbd7 11. Nge2 Nb6 12. Nf4 Bc4 13. O-O-O e6 14. Bxc4 Nxc4
15. Qe2 Nb6 16. Rhe1 Be7 17. g5 Nfd5 18. Ncxd5 cxd5 19. Qb5+ Qd7 20. Qxd7+ Kxd7
21. h4 Rac8 22. Rd3 Nc4 23. Rb3 b6 24. Nd3 f6 25. f4 Bd6 26. Nf2 Rhf8 27. Ng4
a6 28. Rf3 f5 29. Ne5+ Bxe5 30. dxe5 b5 31. Bf2 a5 32. c3 Rc6 33. b3 Na3 34.
Kb2 b4 35. Bd4 Nb5 36. Rd3 {.....} 0-1

[Event "BPB Limburg open B"]
[Site "Maastricht"]
[Date "2014.06.08"]
[Round "5"]
[White "Kalle, Erwin"]
[Black "Zatyko, Ferry"]
[Result "1/2-1/2"]
[WhiteElo "1691"]
[BlackElo "1776"]
[PlyCount "72"]
[EventDate "2014.06.06"]
[EventType "swiss"]
[EventRounds "7"]
[EventCountry "NED"]
[Source "P.Boonen"]
[SourceDate "2014.10.10"]

1. e4 c5 2. Nc3 Nc6 3. f4 e6 4. Bb5 Nd4 5. Bc4 a6 6. a4 b6 7. Nf3 Qc7 8. d3 d6
9. O-O Nf6 10. Be3 Nc6 11. Qe2 Be7 12. h3 Bb7 13. Qf2 Nb4 14. Na2 d5 15. Nxb4
dxc4 16. Na2 cxd3 17. cxd3 O-O 18. Rac1 Qd7 19. Nc3 Rfc8 20. Rfd1 Qe8 21. Ne5
b5 22. b3 Nd7 23. Nxd7 Qxd7 24. g4 Qe8 25. f5 c4 26. axb5 axb5 27. bxc4 bxc4
28. d4 Qc6 29. d5 exd5 30. Nxd5 Bc5 31. Bxc5 Qxc5 32. Qxc5 Rxc5 33. Nb6 Re8 34.
Rxc4 Rce5 35. Nd7 Rxe4 36. Rxe4 Bxe4 1/2-1/2

[Event "BPB Limburg open B"]
[Site "Maastricht"]
[Date "2014.06.08"]
[Round "5"]
[White "Laan, Yorick"]
[Black "Mestrom, Ton"]
[Result "1-0"]
[WhiteElo "1776"]
[BlackElo "1797"]
[PlyCount "49"]
[EventDate "2014.06.06"]
[EventType "swiss"]
[EventRounds "7"]
[EventCountry "NED"]
[Source "P.Boonen"]
[SourceDate "2014.10.10"]

1. c4 Nf6 2. Nc3 c5 3. Nf3 Nc6 4. d4 cxd4 5. Nxd4 g6 6. e4 d6 7. Be2 Bg7 8. Be3
O-O 9. O-O Nxd4 10. Bxd4 Be6 11. f4 Rc8 12. b3 Qa5 13. Rc1 Nd7 14. f5 gxf5 15.
exf5 Bxf5 16. b4 Qxb4 17. Bxg7 Kxg7 18. Rxf5 Qb6+ 19. Kh1 e6 20. Rh5 f5 21. Qd2
Rf6 22. Rb1 Qc7 23. Nb5 Qc6 24. Nxd6 Rg8 25. Bf3 1-0

[Event "BPB Limburg open B"]
[Site "Maastricht"]
[Date "2014.06.08"]
[Round "5"]
[White "Leontiev, Oleg"]
[Black "Vanhuyse, Nele"]
[Result "0-1"]
[WhiteElo "1896"]
[BlackElo "1940"]
[PlyCount "64"]
[EventDate "2014.06.06"]
[EventType "swiss"]
[EventRounds "7"]
[EventCountry "NED"]
[Source "P.Boonen"]
[SourceDate "2014.10.10"]

1. d4 Nf6 2. Nf3 e6 3. e3 b6 4. Bd3 Bb7 5. O-O c5 6. c4 cxd4 7. exd4 d5 8. Be3
dxc4 9. Bxc4 Be7 10. Bb5+ Nbd7 11. Ne5 a6 12. Bc6 Qc8 13. Bxb7 Qxb7 14. Nc3 Rd8
15. Qb3 b5 16. Na4 Nxe5 17. dxe5 Nd7 18. f4 Qe4 19. Nb6 Nc5 20. Bxc5 Bxc5+ 21.
Kh1 Bxb6 22. Rae1 Qd3 23. Qxd3 Rxd3 24. Rc1 O-O 25. Rc6 Be3 26. g3 a5 27. f5
exf5 28. Rxf5 Rd5 29. Rd6 Rc5 30. Rd3 g6 31. Rf3 Bh6 32. e6 fxe6 0-1

[Event "BPB Limburg open B"]
[Site "Maastricht"]
[Date "2014.06.08"]
[Round "5"]
[White "Limbach, Torsten"]
[Black "Been, Klaas"]
[Result "1-0"]
[WhiteElo "1985"]
[BlackElo "1799"]
[PlyCount "49"]
[EventDate "2014.06.06"]
[EventType "swiss"]
[EventRounds "7"]
[EventCountry "NED"]
[Source "P.Boonen"]
[SourceDate "2014.10.10"]

1. c4 e5 2. g3 Nc6 3. Bg2 Bc5 4. Nc3 d6 5. e3 Nf6 6. Nge2 a6 7. d4 exd4 8. exd4
Ba7 9. h3 Ne7 10. Bg5 Ng6 11. Ne4 c6 12. Nxf6+ gxf6 13. Bh6 Be6 14. d5 Qb6 15.
O-O Bd7 16. dxc6 bxc6 17. Qxd6 O-O-O 18. Qxf6 Be6 19. Be3 c5 20. b3 Bb8 21. Bf4
Nxf4 22. Nxf4 Rhe8 23. Nd5 Qd6 24. Rfe1 Rg8 25. Ne7+ 1-0

[Event "BPB Limburg open B"]
[Site "Maastricht"]
[Date "2014.06.08"]
[Round "5"]
[White "Marechal, Georges"]
[Black "Kastelein, Gerard"]
[Result "1-0"]
[WhiteElo "1755"]
[BlackElo "1802"]
[PlyCount "83"]
[EventDate "2014.06.06"]
[EventType "swiss"]
[EventRounds "7"]
[EventCountry "NED"]
[Source "P.Boonen"]
[SourceDate "2014.10.10"]

1. e4 Nc6 2. Nf3 d5 3. exd5 Qxd5 4. Be2 Bg4 5. O-O Nf6 6. Nc3 Qh5 7. d3 e6 8.
a3 Bd6 9. g3 h6 10. Nh4 g5 11. Ne4 Bxe2 12. Nxf6+ Ke7 13. Nxh5 Bxd1 14. Rxd1
gxh4 15. g4 Nd4 16. c3 Nb3 17. Rb1 Nxc1 18. Rbxc1 Rhg8 19. h3 f5 20. f3 fxg4
21. fxg4 Rg5 22. Rf1 a5 23. a4 Re5 24. Rce1 Rg8 25. Rxe5 Bxe5 26. d4 Bh8 27.
Rf3 e5 28. dxe5 Bxe5 29. Kf1 Rd8 30. Ke2 Rd6 31. Re3 Re6 32. Kf3 Kd6 33. b3 Re7
34. Kf2 Rf7+ 35. Ke2 Bh2 36. Rf3 Re7+ 37. Kd2 Be5 38. Rf5 Bxc3+ 39. Kxc3 Re3+
40. Kc4 Rxh3 41. Rf6+ Ke5 42. Rxh6 {.....} 1-0

[Event "BPB Limburg open B"]
[Site "Maastricht"]
[Date "2014.06.08"]
[Round "5"]
[White "Mertens, Andreas"]
[Black "Kempen, Leon"]
[Result "1/2-1/2"]
[WhiteElo "1983"]
[BlackElo "1957"]
[PlyCount "51"]
[EventDate "2014.06.06"]
[EventType "swiss"]
[EventRounds "7"]
[EventCountry "NED"]
[Source "P.Boonen"]
[SourceDate "2014.10.10"]

1. d4 e6 2. Nf3 c5 3. e3 d5 4. b3 cxd4 5. exd4 Bd6 6. Bd3 Nf6 7. O-O O-O 8. Bg5
Nc6 9. Re1 h6 10. Bh4 Be7 11. c3 Bd7 12. Nbd2 Rc8 13. Rc1 Ba3 14. Rc2 a5 15.
Ne5 Be7 16. Ndf3 Be8 17. Rc1 Nxe5 18. Nxe5 Nd7 19. Bg3 Bh4 20. Bb1 Bxg3 21.
hxg3 f5 22. Qd3 h5 23. g4 hxg4 24. Nxg4 Qh4 25. Ne5 Rf6 26. Qf3 1/2-1/2

[Event "BPB Limburg open B"]
[Site "Maastricht"]
[Date "2014.06.08"]
[Round "5"]
[White "Orbons, Richard"]
[Black "Lex, Gereon"]
[Result "0-1"]
[WhiteElo "1758"]
[BlackElo "1764"]
[PlyCount "78"]
[EventDate "2014.06.06"]
[EventType "swiss"]
[EventRounds "7"]
[EventCountry "NED"]
[Source "P.Boonen"]
[SourceDate "2014.10.10"]

1. Nf3 d5 2. c4 c6 3. g3 Nf6 4. Bg2 Nbd7 5. O-O dxc4 6. a4 e5 7. Qc2 Bd6 8. a5
O-O 9. Qxc4 Nd5 10. d3 h6 11. Nc3 N7f6 12. e4 Nc7 13. d4 Be6 14. Qe2 Nd7 15.
Rd1 Qe7 16. Nxe5 Bxe5 17. dxe5 Nxe5 18. Be3 Bb3 19. Rdc1 Rfd8 20. Na4 Nb5 21.
Nc5 Be6 22. Nxe6 Qxe6 23. Rd1 Qb3 24. Bf1 Kh7 25. Kg2 Kg8 26. h3 a6 27. Bb6
Rxd1 28. Rxd1 Re8 29. f4 Nc4 30. Rd7 Nbd6 31. e5 Nxb6 32. Rxd6 Nd5 33. Kf2 Qb4
34. Bg2 Qd4+ 35. Kf3 Qc5 36. Kg4 Qxd6 37. exd6 Rxe2 38. d7 Nf6+ 39. Kf3 Rd2 0-1

[Event "BPB Limburg open B"]
[Site "Maastricht"]
[Date "2014.06.08"]
[Round "5"]
[White "Passchyn, Maarten"]
[Black "Bekedam, Tyro"]
[Result "0-1"]
[WhiteElo "1936"]
[BlackElo "1809"]
[PlyCount "104"]
[EventDate "2014.06.06"]
[EventType "swiss"]
[EventRounds "7"]
[EventCountry "NED"]
[Source "P.Boonen"]
[SourceDate "2014.10.10"]

1. e4 c6 2. d4 d5 3. exd5 cxd5 4. Bd3 Nf6 5. c3 Nc6 6. Bf4 Bg4 7. Qb3 Qc8 8.
Nd2 e6 9. Ngf3 Be7 10. O-O O-O 11. Ne5 Nxe5 12. Bxe5 a6 13. Rae1 Nd7 14. Qc2
Nxe5 15. Bxh7+ Kh8 16. dxe5 g6 17. Bxg6 fxg6 18. Qxg6 Bf5 19. Qh6+ Kg8 20. Re3
Kf7 21. Rg3 Ke8 22. Nf3 Kd7 23. Nd4 Rh8 24. Qd2 Be4 25. f3 Bh7 26. Rd1 Qc5 27.
Rg7 Rag8 28. b4 Qb6 29. Qg5 Qd8 30. Rxg8 Bxg5 31. Rxd8+ Rxd8 32. Kf2 Rc8 33.
Ne2 Bc2 34. Rd4 Bd8 35. Ke1 Ba4 36. Kd2 Bb5 37. Ng3 Rc4 38. f4 Bb6 39. Rxc4
Bxc4 40. a3 Bg1 41. h3 Bh2 42. Nh5 Bf1 43. g4 Bxh3 44. Ke3 Bg1+ 45. Kf3 Bf1 46.
Ng3 Bd3 47. f5 exf5 48. gxf5 Bh2 49. f6 Bxg3 50. Kxg3 Ke6 51. Kg4 Bg6 52. Kg5
Bf7 0-1

[Event "BPB Limburg open B"]
[Site "Maastricht"]
[Date "2014.06.08"]
[Round "5"]
[White "Peeters, Joep"]
[Black "Londers, Jan"]
[Result "0-1"]
[WhiteElo "1786"]
[BlackElo "1890"]
[PlyCount "50"]
[EventDate "2014.06.06"]
[EventType "swiss"]
[EventRounds "7"]
[EventCountry "NED"]
[Source "P.Boonen"]
[SourceDate "2014.10.10"]

1. Nf3 g6 2. d4 Bg7 3. c4 Nf6 4. Nc3 O-O 5. e4 d6 6. Be2 e5 7. d5 a5 8. O-O Na6
9. a3 Ne8 10. Nd2 f5 11. exf5 gxf5 12. f4 e4 13. Nb3 Nc5 14. Be3 Nxb3 15. Qxb3
b6 16. Nb5 Kh8 17. Nd4 Qf6 18. Rab1 Bd7 19. Qd1 a4 20. Kh1 Rg8 21. Rg1 Qh4 22.
g4 Nf6 23. Bf2 Qxf2 24. gxf5 Bh6 25. Rf1 Qg2# 0-1